[Event "DVM U10 2023"]
[Site "Magdeburg GER"]
[Date "2023.12.27"]
[Round "1"]
[White "Greither, Flora"]
[Black "Wilting, Oskar"]
[Result "1-0"]
[Termination "normal"]
[Board "10.3"]
[WhiteElo "1179"]
[BlackElo "1161"]
[WhiteClock "00:31:06"]
[BlackClock "00:27:22"]
[WhiteTeam "SV Roter Turm Halle"]
[BlackTeam "SC Aurich"]
[PlyCount "99"]
[WhiteFideId "533000697"]
[BlackFideId "34640053"]
[EventCountry "GER"]
[EventRounds "7"]
[EventType "team-swiss"]
[EventDate "2023.12.27"]

1. e4 {[%clk 00:55:07]} {[%emt 00:00:03]} c5 {[%clk 00:55:05]} {[%emt
00:00:05]} 2. Nf3 {[%clk 00:55:07]} {[%emt 00:00:06]} e6 {[%clk 00:54:57]}
{[%emt 00:00:11]} 3. Nc3 {[%clk 00:55:05]} {[%emt 00:00:08]} Qc7 {[%clk
00:54:51]} {[%emt 00:00:10]} 4. Be2 {[%clk 00:54:53]} {[%emt 00:00:19]} a6
{[%clk 00:54:43]} {[%emt 00:00:12]} 5. d3 {[%clk 00:54:42]} {[%emt 00:00:15]}
Nc6 {[%clk 00:54:36]} {[%emt 00:00:13]} 6. h3 {[%clk 00:54:16]} Nf6 {[%clk
00:54:07]} {[%emt 00:00:53]} 7. Bg5 {[%clk 00:53:59]} Be7 {[%clk 00:54:07]}
{[%emt 00:00:38]} 8. O-O {[%emt 00:01:10]} O-O 9. d4 {[%clk 00:53:19]} Nd8
{[%clk 00:52:56]} {[%emt 00:01:01]} 10. e5 {[%clk 00:53:04]} {[%emt 00:00:19]}
Nd5 {[%clk 00:52:10]} {[%emt 00:00:51]} 11. Nxd5 {[%emt 00:00:27]} exd5 {[%emt
00:00:27]} 12. Bxe7 {[%clk 00:52:02]} {[%emt 00:00:12]} Re8 {[%clk 00:52:02]}
{[%emt 00:00:14]} 13. Bxc5 {[%clk 00:51:51]} {[%emt 00:00:16]} b6 {[%clk
00:51:38]} {[%emt 00:00:30]} 14. Bb4 {[%clk 00:51:28]} {[%emt 00:00:28]} a5
{[%clk 00:51:28]} {[%emt 00:00:15]} 15. Bd2 {[%clk 00:51:23]} {[%emt 00:00:11]}
Ne6 {[%clk 00:51:04]} {[%emt 00:00:27]} 16. Bc3 {[%clk 00:50:41]} {[%emt
00:00:47]} Bb7 {[%clk 00:50:37]} {[%emt 00:00:33]} 17. Qd2 {[%clk 00:50:12]}
{[%emt 00:00:34]} b5 {[%clk 00:50:20]} {[%emt 00:00:49]} 18. b3 {[%clk
00:49:42]} {[%emt 00:00:35]} b4 {[%clk 00:50:06]} {[%emt 00:00:18]} 19. Bb2
{[%clk 00:49:41]} {[%emt 00:00:07]} d6 {[%clk 00:48:51]} {[%emt 00:01:20]} 20.
Rac1 {[%clk 00:49:06]} {[%emt 00:00:40]} Rac8 {[%clk 00:46:54]} {[%emt
00:02:02]} 21. c4 {[%clk 00:48:30]} {[%emt 00:00:41]} Qd7 {[%clk 00:46:03]}
{[%emt 00:00:56]} 22. cxd5 {[%clk 00:47:12]} {[%emt 00:01:21]} Bxd5 {[%clk
00:45:08]} {[%emt 00:01:02]} 23. Rxc8 {[%clk 00:46:52]} {[%emt 00:00:23]} Rxc8
{[%clk 00:44:56]} {[%emt 00:00:18]} 24. Rc1 {[%clk 00:45:25]} {[%emt 00:01:33]}
dxe5 {[%clk 00:44:03]} {[%emt 00:00:57]} 25. Nxe5 {[%clk 00:44:46]} {[%emt
00:00:43]} Rxc1+ {[%clk 00:42:49]} {[%emt 00:01:21]} 26. Qxc1 {[%clk 00:44:35]}
{[%emt 00:00:17]} Qb7 {[%clk 00:42:29]} {[%emt 00:00:24]} 27. Bf3 {[%clk
00:44:08]} {[%emt 00:00:32]} f6 {[%clk 00:41:42]} {[%emt 00:00:51]} 28. Bxd5
{[%clk 00:43:39]} {[%emt 00:00:35]} Qxd5 {[%clk 00:41:23]} {[%emt 00:00:24]}
29. Nc6 {[%clk 00:43:17]} {[%emt 00:00:23]} Kf7 {[%clk 00:39:12]} {[%emt
00:02:19]} 30. Qc4 {[%clk 00:41:05]} {[%emt 00:02:17]} Qe4 {[%clk 00:38:00]}
{[%emt 00:01:16]} 31. d5 {[%clk 00:40:13]} {[%emt 00:00:58]} Qb1+ {[%clk
00:36:56]} {[%emt 00:01:09]} 32. Qc1 {[%clk 00:39:28]} {[%emt 00:00:46]} Qxc1+
{[%clk 00:35:41]} {[%emt 00:01:25]} 33. Bxc1 {[%clk 00:39:20]} {[%emt
00:00:11]} Nc5 {[%clk 00:35:26]} {[%emt 00:00:21]} 34. Be3 {[%clk 00:38:11]}
{[%emt 00:01:14]} Ne4 {[%clk 00:34:52]} {[%emt 00:00:39]} 35. Nxa5 {[%clk
00:37:22]} {[%emt 00:00:55]} Nc3 {[%clk 00:34:25]} {[%emt 00:00:32]} 36. d6
{[%clk 00:36:39]} {[%emt 00:00:49]} Ke6 {[%clk 00:34:09]} {[%emt 00:00:19]} 37.
Bc5 {[%clk 00:36:10]} {[%emt 00:00:32]} Nxa2 {[%clk 00:33:44]} {[%emt
00:00:33]} 38. f4 {[%clk 00:35:36]} {[%emt 00:00:39]} f5 {[%clk 00:33:18]}
{[%emt 00:00:31]} 39. g4 {[%clk 00:35:10]} {[%emt 00:00:31]} g6 {[%clk
00:32:32]} {[%emt 00:00:51]} 40. h4 {[%clk 00:34:46]} {[%emt 00:00:29]} fxg4
{[%clk 00:31:56]} {[%emt 00:00:40]} 41. Kg2 {[%clk 00:34:23]} {[%emt 00:00:28]}
h5 {[%clk 00:31:31]} {[%emt 00:00:31]} 42. Nc4 {[%clk 00:33:33]} {[%emt
00:00:54]} Kd7 {[%clk 00:30:48]} {[%emt 00:00:49]} 43. Ne5+ {[%clk 00:33:12]}
{[%emt 00:00:26]} Kd8 {[%clk 00:29:34]} {[%emt 00:01:18]} 44. d7 {[%clk
00:33:01]} {[%emt 00:00:17]} Kc7 {[%clk 00:29:16]} {[%emt 00:00:22]} 45. Be7
{[%clk 00:32:52]} {[%emt 00:00:15]} Nc1 {[%clk 00:28:36]} {[%emt 00:00:44]} 46.
d8=Q+ {[%clk 00:32:41]} {[%emt 00:00:15]} Kb7 {[%clk 00:28:12]} {[%emt
00:00:30]} 47. Qd7+ {[%emt 00:00:23]} Kb6 {[%emt 00:00:25]} 48. Qc6+ {[%clk
00:31:39]} {[%emt 00:00:19]} Ka7 {[%clk 00:27:38]} {[%emt 00:00:38]} 49. Bc5+
{[%clk 00:31:15]} {[%emt 00:00:28]} Kb8 {[%clk 00:27:22]} {[%emt 00:00:19]} 50.
Nd7# {[%clk 00:31:06]} {[%emt 00:00:18]} *

[Event "DVM U10 2023"]
[Site "Magdeburg GER"]
[Date "2023.12.27"]
[Round "1"]
[White "Weßels, Keke"]
[Black "Jamalli, Malak"]
[Result "0-1"]
[Termination "normal"]
[Board "10.4"]
[WhiteElo "983"]
[BlackElo "1115"]
[WhiteClock "00:19:18"]
[BlackClock "00:33:18"]
[WhiteTeam "SC Aurich"]
[BlackTeam "SV Roter Turm Halle"]
[PlyCount "56"]
[WhiteFideId "34640045"]
[BlackFideId "533000689"]
[EventCountry "GER"]
[EventRounds "7"]
[EventType "team-swiss"]
[EventDate "2023.12.27"]

1. d4 {[%clk 00:55:07]} {[%emt 00:00:02]} g6 {[%clk 00:55:05]} {[%emt
00:00:05]} 2. Nc3 {[%clk 00:54:25]} {[%emt 00:00:48]} Bg7 {[%clk 00:55:00]}
{[%emt 00:00:10]} 3. e4 {[%clk 00:54:10]} {[%emt 00:00:19]} e6 {[%clk
00:54:41]} {[%emt 00:00:24]} 4. Nf3 {[%clk 00:53:57]} {[%emt 00:00:18]} Ne7
{[%clk 00:54:30]} {[%emt 00:00:17]} 5. Bf4 {[%clk 00:53:39]} {[%emt 00:00:22]}
O-O {[%clk 00:53:20]} {[%emt 00:01:15]} 6. Qd2 {[%clk 00:53:14]} {[%emt
00:00:27]} f5 {[%clk 00:50:20]} {[%emt 00:03:08]} 7. Bh6 {[%clk 00:51:22]}
{[%emt 00:01:56]} Nbc6 {[%clk 00:49:11]} {[%emt 00:01:16]} 8. O-O-O {[%clk
00:49:24]} {[%emt 00:02:03]} fxe4 {[%clk 00:47:56]} {[%emt 00:01:19]} 9. Nxe4
{[%clk 00:48:34]} {[%emt 00:00:55]} Nf5 {[%clk 00:47:29]} {[%emt 00:00:32]} 10.
Bxg7 {[%clk 00:48:01]} {[%emt 00:00:37]} Nxg7 {[%clk 00:46:52]} {[%emt
00:00:43]} 11. g4 {[%clk 00:46:34]} {[%emt 00:01:31]} Rxf3 {[%clk 00:45:36]}
{[%emt 00:01:21]} 12. Ng5 {[%clk 00:44:43]} {[%emt 00:01:54]} Rf8 {[%clk
00:45:04]} {[%emt 00:00:40]} 13. Bg2 {[%clk 00:42:59]} {[%emt 00:01:45]} h6
{[%clk 00:44:01]} {[%emt 00:01:11]} 14. Ne4 {[%clk 00:41:55]} {[%emt 00:01:04]}
d5 {[%clk 00:43:11]} {[%emt 00:01:01]} 15. Ng3 {[%clk 00:39:54]} {[%emt
00:02:04]} g5 {[%clk 00:41:36]} {[%emt 00:01:41]} 16. Rdf1 {[%clk 00:36:35]}
{[%emt 00:03:23]} e5 {[%clk 00:40:19]} {[%emt 00:01:24]} 17. dxe5 {[%clk
00:34:33]} {[%emt 00:02:06]} Nxe5 {[%clk 00:39:52]} {[%emt 00:00:33]} 18. Bxd5+
{[%clk 00:33:08]} {[%emt 00:01:29]} Kh8 {[%clk 00:38:20]} {[%emt 00:01:38]} 19.
Re1 {[%clk 00:30:02]} {[%emt 00:03:06]} Nxg4 {[%clk 00:37:23]} {[%emt
00:01:07]} 20. f3 {[%clk 00:28:17]} {[%emt 00:01:47]} Nf6 {[%clk 00:37:01]}
{[%emt 00:00:30]} 21. Rd1 {[%clk 00:24:28]} {[%emt 00:03:52]} Nxd5 {[%clk
00:36:22]} {[%emt 00:00:46]} 22. Qxd5 {[%clk 00:24:09]} {[%emt 00:00:24]} Qxd5
{[%clk 00:36:10]} {[%emt 00:00:17]} 23. Rxd5 {[%clk 00:23:51]} {[%emt
00:00:23]} Be6 {[%clk 00:36:01]} {[%emt 00:00:14]} 24. Ra5 {[%clk 00:22:37]}
{[%emt 00:01:18]} Rxf3 {[%clk 00:35:23]} {[%emt 00:00:44]} 25. Ne4 {[%clk
00:22:02]} {[%emt 00:00:38]} b6 {[%clk 00:34:43]} {[%emt 00:00:47]} 26. Ra4
{[%clk 00:21:09]} {[%emt 00:00:55]} Bd5 {[%clk 00:33:59]} {[%emt 00:00:52]} 27.
Nd2 {[%clk 00:20:25]} {[%emt 00:00:48]} Rf2 {[%clk 00:33:33]} {[%emt 00:00:32]}
28. c4 {[%clk 00:19:18]} {[%emt 00:01:11]} Bxh1 {[%clk 00:33:18]} {[%emt
00:00:21]} 0-1

[Event "DVM U10 2023"]
[Site "Magdeburg GER"]
[Date "2023.12.27"]
[Round "1"]
[White "Tu, Tiffany"]
[Black "Berger, Friedrich Richard"]
[Result "1/2-1/2"]
[Termination "normal"]
[Board "11.1"]
[WhiteElo "1169"]
[BlackElo "1496"]
[WhiteClock "00:00:32"]
[BlackClock "00:01:52"]
[WhiteTeam "SF 59 Kornwestheim"]
[BlackTeam "TSG Oberschöneweide"]
[PlyCount "111"]
[WhiteFideId "34628576"]
[BlackFideId "34663169"]
[EventCountry "GER"]
[EventRounds "7"]
[EventType "team-swiss"]
[EventDate "2023.12.27"]

1. e4 {[%clk 00:55:08]} e5 {[%clk 00:55:09]} {[%emt 00:00:03]} 2. Nf3 {[%clk
00:55:04]} {[%emt 00:00:08]} Nc6 {[%clk 00:55:10]} {[%emt 00:00:04]} 3. Bb5
{[%clk 00:55:02]} {[%emt 00:00:07]} a6 {[%clk 00:55:07]} {[%emt 00:00:09]} 4.
Ba4 {[%clk 00:55:00]} {[%emt 00:00:06]} Nf6 {[%clk 00:54:55]} {[%emt 00:00:17]}
5. d3 {[%clk 00:54:56]} {[%emt 00:00:08]} b5 {[%clk 00:54:23]} {[%emt
00:00:38]} 6. Bb3 {[%clk 00:54:53]} {[%emt 00:00:07]} Bc5 {[%clk 00:53:56]}
{[%emt 00:00:33]} 7. c3 {[%clk 00:54:44]} {[%emt 00:00:14]} d6 {[%clk
00:53:13]} {[%emt 00:00:49]} 8. Nbd2 {[%clk 00:54:33]} {[%emt 00:00:15]} h6
{[%clk 00:51:42]} {[%emt 00:01:36]} 9. Nf1 {[%clk 00:54:23]} {[%emt 00:00:13]}
Bg4 {[%clk 00:50:34]} {[%emt 00:01:15]} 10. h3 {[%clk 00:53:56]} {[%emt
00:00:32]} Bxf3 {[%clk 00:50:14]} {[%emt 00:00:25]} 11. Qxf3 {[%clk 00:53:38]}
{[%emt 00:00:23]} Ne7 {[%clk 00:48:13]} {[%emt 00:02:06]} 12. Ng3 {[%clk
00:53:24]} {[%emt 00:00:18]} Qd7 {[%clk 00:47:08]} {[%emt 00:01:10]} 13. Nh5
{[%clk 00:49:38]} {[%emt 00:03:51]} Nxh5 {[%clk 00:41:52]} {[%emt 00:05:22]}
14. Bxf7+ {[%clk 00:45:45]} {[%emt 00:03:58]} Kd8 {[%clk 00:41:40]} {[%emt
00:00:16]} 15. Bxh5 {[%clk 00:44:22]} {[%emt 00:01:28]} Nc6 {[%clk 00:39:13]}
{[%emt 00:02:33]} 16. Be3 {[%clk 00:39:41]} {[%emt 00:04:44]} Bxe3 {[%clk
00:38:06]} {[%emt 00:01:14]} 17. Qxe3 {[%clk 00:39:08]} {[%emt 00:00:36]} Rf8
{[%clk 00:37:04]} {[%emt 00:01:07]} 18. O-O-O {[%clk 00:37:24]} {[%emt
00:01:51]} a5 {[%clk 00:35:35]} {[%emt 00:01:35]} 19. Rhf1 {[%clk 00:34:24]}
{[%emt 00:03:03]} g5 {[%clk 00:32:20]} {[%emt 00:03:21]} 20. Bg4 {[%clk
00:33:05]} {[%emt 00:01:24]} Qf7 {[%clk 00:31:05]} {[%emt 00:01:20]} 21. Kb1
{[%clk 00:31:53]} {[%emt 00:01:16]} b4 {[%clk 00:28:10]} {[%emt 00:03:01]} 22.
Qd2 {[%clk 00:23:30]} {[%emt 00:08:27]} Ke7 {[%clk 00:22:26]} {[%emt 00:05:49]}
23. d4 {[%clk 00:20:06]} {[%emt 00:03:30]} Qc4 {[%clk 00:17:12]} {[%emt
00:05:18]} 24. Qd3 {[%clk 00:17:50]} {[%emt 00:02:21]} Qxd3+ {[%clk 00:15:12]}
{[%emt 00:02:05]} 25. Rxd3 {[%clk 00:17:43]} {[%emt 00:00:13]} Rf4 {[%emt
00:05:45]} 26. Bf5 {[%clk 00:16:28]} {[%emt 00:01:18]} Rf8 {[%clk 00:08:34]}
{[%emt 00:01:05]} 27. g3 {[%clk 00:12:13]} {[%emt 00:04:20]} R4xf5 {[%clk
00:07:41]} {[%emt 00:00:57]} 28. exf5 {[%clk 00:12:01]} {[%emt 00:00:17]} Rxf5
{[%clk 00:07:42]} {[%emt 00:00:05]} 29. Re3 {[%clk 00:10:57]} {[%emt 00:01:09]}
Kd7 {[%clk 00:07:20]} {[%emt 00:00:27]} 30. dxe5 {[%clk 00:09:54]} {[%emt
00:01:07]} Nxe5 {[%clk 00:06:57]} {[%emt 00:00:28]} 31. Rd1 {[%clk 00:08:40]}
{[%emt 00:01:19]} bxc3 {[%emt 00:01:35]} 32. bxc3 {[%clk 00:04:57]} {[%emt
00:03:47]} Kc6 {[%clk 00:05:28]} {[%emt 00:00:06]} 33. Re2 {[%clk 00:04:33]}
{[%emt 00:00:28]} Rf3 {[%clk 00:05:10]} {[%emt 00:00:23]} 34. Kc2 {[%clk
00:04:14]} {[%emt 00:00:23]} Kc5 {[%emt 00:00:31]} 35. a4 {[%emt 00:00:23]} Nc4
{[%clk 00:03:49]} {[%emt 00:00:30]} 36. Rd4 {[%clk 00:03:30]} {[%emt 00:00:51]}
Ne5 {[%clk 00:03:24]} {[%emt 00:00:30]} 37. Red2 {[%clk 00:02:50]} {[%emt
00:00:45]} Nc4 {[%clk 00:02:55]} {[%emt 00:00:35]} 38. Re2 {[%clk 00:02:19]}
{[%emt 00:00:36]} Ne5 {[%clk 00:02:59]} {[%emt 00:00:02]} 39. Kb3 {[%clk
00:02:11]} {[%emt 00:00:13]} Nd3 {[%clk 00:02:56]} {[%emt 00:00:07]} 40. Rc4+
{[%clk 00:01:56]} {[%emt 00:00:21]} Kb6 {[%emt 00:00:08]} 41. Re7 {[%clk
00:01:43]} {[%emt 00:00:15]} Rxf2 {[%clk 00:02:54]} {[%emt 00:00:07]} 42. Rcxc7
{[%clk 00:01:27]} {[%emt 00:00:20]} Nc5+ {[%clk 00:02:57]} {[%emt 00:00:03]}
43. Kc4 {[%clk 00:00:59]} {[%emt 00:00:23]} Nxa4 {[%clk 00:02:11]} {[%emt
00:01:01]} 44. Rb7+ {[%clk 00:01:03]} {[%emt 00:00:02]} Ka6 {[%clk 00:02:17]}
{[%emt 00:00:22]} 45. Ra7+ {[%clk 00:01:01]} {[%emt 00:00:03]} Kb6 {[%clk
00:02:22]} {[%emt 00:00:01]} 46. Reb7+ {[%clk 00:01:04]} {[%emt 00:00:01]} Kc6
{[%clk 00:02:23]} {[%emt 00:00:03]} 47. Rb5 {[%clk 00:00:56]} {[%emt 00:00:12]}
Rc2 {[%clk 00:02:13]} {[%emt 00:00:16]} 48. Raxa5 {[%clk 00:00:39]} {[%emt
00:00:23]} Nxc3 {[%clk 00:01:57]} {[%emt 00:00:21]} 49. Ra6+ {[%clk 00:00:38]}
{[%emt 00:00:06]} Kc7 {[%clk 00:01:58]} {[%emt 00:00:03]} 50. Rb3 {[%clk
00:00:22]} {[%emt 00:00:22]} Ne4+ {[%clk 00:01:46]} {[%emt 00:00:17]} 51. Kd4
{[%clk 00:00:20]} {[%emt 00:00:08]} Nc5 {[%clk 00:01:45]} {[%emt 00:00:05]} 52.
Ra7+ {[%clk 00:00:20]} {[%emt 00:00:05]} Kc6 {[%clk 00:01:47]} {[%emt
00:00:03]} 53. Rc3 {[%clk 00:00:22]} {[%emt 00:00:02]} Rxc3 {[%clk 00:01:49]}
{[%emt 00:00:03]} 54. Kxc3 {[%clk 00:00:26]} {[%emt 00:00:02]} Kd5 {[%clk
00:01:50]} {[%emt 00:00:03]} 55. Rh7 {[%clk 00:00:29]} {[%emt 00:00:02]} Ne4+
{[%clk 00:01:52]} {[%emt 00:00:04]} 56. Kd3 {[%clk 00:00:32]} {[%emt 00:00:02]}
*

[Event "DVM U10 2023"]
[Site "Magdeburg GER"]
[Date "2023.12.27"]
[Round "1"]
[White "Gora, Jan"]
[Black "Hantke, Florian"]
[Result "0-1"]
[Termination "normal"]
[Board "11.3"]
[WhiteElo "799"]
[BlackElo "1095"]
[WhiteClock "00:40:17"]
[BlackClock "00:43:14"]
[WhiteTeam "SF 59 Kornwestheim"]
[BlackTeam "TSG Oberschöneweide"]
[PlyCount "98"]
[BlackFideId "34638962"]
[EventCountry "GER"]
[EventRounds "7"]
[EventType "team-swiss"]
[EventDate "2023.12.27"]

1. e4 {[%clk 00:55:08]} {[%emt 00:00:02]} e5 {[%clk 00:54:50]} {[%emt
00:00:20]} 2. Nf3 {[%clk 00:55:06]} {[%emt 00:00:07]} Nc6 {[%clk 00:54:48]}
{[%emt 00:00:07]} 3. d4 {[%clk 00:55:01]} {[%emt 00:00:10]} exd4 {[%clk
00:54:48]} {[%emt 00:00:06]} 4. Nxd4 {[%clk 00:54:56]} {[%emt 00:00:08]} Nf6
{[%clk 00:54:35]} {[%emt 00:00:19]} 5. Nc3 {[%clk 00:54:44]} {[%emt 00:00:17]}
Bb4 {[%clk 00:54:16]} {[%emt 00:00:24]} 6. Bd3 {[%clk 00:54:29]} {[%emt
00:00:20]} d6 {[%clk 00:53:58]} {[%emt 00:00:24]} 7. O-O {[%clk 00:54:26]}
{[%emt 00:00:07]} O-O {[%clk 00:53:43]} {[%emt 00:00:19]} 8. a3 {[%clk
00:54:07]} {[%emt 00:00:25]} Ba5 {[%clk 00:53:37]} {[%emt 00:00:11]} 9. b4
{[%clk 00:54:04]} {[%emt 00:00:08]} Bb6 {[%clk 00:53:30]} {[%emt 00:00:13]} 10.
Nf5 {[%clk 00:53:24]} {[%emt 00:00:44]} Bxf5 {[%clk 00:53:19]} {[%emt
00:00:15]} 11. exf5 {[%clk 00:53:03]} {[%emt 00:00:26]} Re8 {[%clk 00:53:04]}
{[%emt 00:00:21]} 12. Bf4 {[%clk 00:52:58]} {[%emt 00:00:09]} Qd7 {[%clk
00:51:38]} {[%emt 00:01:32]} 13. Bb5 {[%clk 00:51:38]} {[%emt 00:01:25]} Qxf5
{[%clk 00:51:20]} {[%emt 00:00:23]} 14. Be3 {[%clk 00:51:12]} {[%emt 00:00:29]}
Bxe3 {[%clk 00:50:39]} {[%emt 00:00:48]} 15. fxe3 {[%clk 00:51:02]} {[%emt
00:00:16]} Qe5 {[%clk 00:50:22]} {[%emt 00:00:21]} 16. Qd3 {[%clk 00:50:25]}
{[%emt 00:00:41]} Qxe3+ {[%clk 00:50:03]} {[%emt 00:00:25]} 17. Qxe3 {[%clk
00:50:12]} {[%emt 00:00:17]} Rxe3 {[%clk 00:49:50]} {[%emt 00:00:19]} 18. Nd1
{[%clk 00:49:40]} {[%emt 00:00:37]} Re5 {[%clk 00:49:12]} {[%emt 00:00:43]} 19.
Nc3 {[%clk 00:49:22]} {[%emt 00:00:23]} Nd4 {[%clk 00:48:04]} {[%emt 00:01:13]}
20. Bc4 {[%clk 00:48:46]} {[%emt 00:00:38]} Nxc2 {[%clk 00:47:53]} {[%emt
00:00:20]} 21. Ra2 {[%clk 00:48:27]} {[%emt 00:00:23]} Ne3 {[%clk 00:47:44]}
{[%emt 00:00:13]} 22. Rf4 {[%clk 00:47:45]} {[%emt 00:00:48]} Nxc4 {[%clk
00:46:42]} {[%emt 00:01:08]} 23. Rxc4 {[%clk 00:47:20]} {[%emt 00:00:29]} c6
{[%clk 00:46:19]} {[%emt 00:00:28]} 24. Re2 {[%clk 00:46:35]} {[%emt 00:00:50]}
Rxe2 {[%clk 00:46:16]} {[%emt 00:00:09]} 25. Nxe2 {[%clk 00:46:26]} {[%emt
00:00:09]} Re8 {[%clk 00:46:04]} {[%emt 00:00:21]} 26. Kf2 {[%clk 00:46:21]}
{[%emt 00:00:10]} Ne4+ {[%clk 00:45:46]} {[%emt 00:00:23]} 27. Kg1 {[%clk
00:46:00]} {[%emt 00:00:26]} Nd2 {[%clk 00:45:16]} {[%emt 00:00:35]} 28. Rc2
{[%clk 00:44:50]} {[%emt 00:01:15]} Rxe2 {[%clk 00:45:14]} {[%emt 00:00:07]}
29. h3 {[%clk 00:44:38]} {[%emt 00:00:16]} Nf3+ {[%clk 00:45:15]} {[%emt
00:00:06]} 30. Kf1 {[%clk 00:44:25]} {[%emt 00:00:17]} Rxc2 {[%clk 00:45:15]}
{[%emt 00:00:05]} 31. gxf3 {[%clk 00:44:03]} {[%emt 00:00:26]} c5 {[%clk
00:45:07]} {[%emt 00:00:15]} 32. b5 {[%clk 00:42:58]} {[%emt 00:01:10]} Rd2
{[%clk 00:45:04]} {[%emt 00:00:08]} 33. Ke1 {[%clk 00:42:51]} {[%emt 00:00:10]}
Rd5 {[%clk 00:45:06]} {[%emt 00:00:04]} 34. Ke2 {[%clk 00:42:53]} {[%emt
00:00:03]} c4 {[%clk 00:45:06]} {[%emt 00:00:05]} 35. Ke3 {[%clk 00:42:45]}
{[%emt 00:00:13]} c3 {[%clk 00:44:35]} {[%emt 00:00:37]} 36. Ke4 {[%clk
00:42:41]} {[%emt 00:00:08]} c2 {[%clk 00:44:37]} {[%emt 00:00:04]} 37. Kxd5
{[%clk 00:42:42]} {[%emt 00:00:03]} c1=Q {[%clk 00:44:35]} {[%emt 00:00:08]}
38. Kxd6 {[%emt 00:00:15]} Qf4+ {[%emt 00:00:17]} 39. Kd7 {[%clk 00:42:03]}
{[%emt 00:00:11]} Qxf3 {[%clk 00:44:32]} {[%emt 00:00:09]} 40. Kc7 {[%clk
00:41:37]} {[%emt 00:00:31]} f5 {[%clk 00:44:29]} {[%emt 00:00:07]} 41. Kb8
{[%clk 00:41:14]} {[%emt 00:00:28]} a5 {[%clk 00:44:26]} {[%emt 00:00:09]} 42.
bxa6 {[%emt 00:00:27]} bxa6 {[%clk 00:43:37]} {[%emt 00:00:31]} 43. a4 {[%clk
00:40:51]} {[%emt 00:00:28]} Qxh3 {[%clk 00:43:36]} {[%emt 00:00:06]} 44. a5
{[%clk 00:40:52]} {[%emt 00:00:04]} f4 {[%clk 00:43:35]} {[%emt 00:00:06]} 45.
Kb7 {[%clk 00:40:45]} {[%emt 00:00:11]} f3 {[%clk 00:43:36]} {[%emt 00:00:06]}
46. Kxa6 {[%clk 00:40:44]} {[%emt 00:00:04]} f2 {[%clk 00:43:37]} {[%emt
00:00:05]} 47. Kb6 {[%clk 00:40:21]} {[%emt 00:00:28]} f1=Q {[%clk 00:43:35]}
{[%emt 00:00:07]} 48. Kc6 {[%clk 00:40:15]} {[%emt 00:00:11]} Qe6+ {[%clk
00:43:26]} {[%emt 00:00:13]} 49. Kc5 {[%clk 00:40:17]} {[%emt 00:00:04]} Qfc4#
{[%clk 00:43:14]} {[%emt 00:00:10]} 0-1

[Event "DVM U10 2023"]
[Site "Magdeburg GER"]
[Date "2023.12.27"]
[Round "1"]
[White "Tschötsch, Hugo"]
[Black "Gora, Michael"]
[Result "1-0"]
[Termination "normal"]
[Board "11.4"]
[WhiteElo "967"]
[BlackElo "754"]
[WhiteClock "00:57:01"]
[BlackClock "00:44:04"]
[WhiteTeam "TSG Oberschöneweide"]
[BlackTeam "SF 59 Kornwestheim"]
[PlyCount "43"]
[EventCountry "GER"]
[EventRounds "7"]
[EventType "team-swiss"]
[EventDate "2023.12.27"]

1. d4 {[%clk 00:55:07]} {[%emt 00:00:03]} d5 {[%clk 00:55:02]} {[%emt
00:00:08]} 2. c4 {[%clk 00:54:53]} {[%emt 00:00:19]} dxc4 {[%clk 00:54:47]}
{[%emt 00:00:08]} 3. Nc3 {[%clk 00:54:56]} {[%emt 00:00:14]} b6 {[%clk
00:54:22]} {[%emt 00:00:22]} 4. e3 {[%clk 00:54:57]} {[%emt 00:00:11]} c5
{[%clk 00:54:07]} {[%emt 00:00:19]} 5. Bxc4 {[%clk 00:54:53]} {[%emt 00:00:12]}
cxd4 {[%clk 00:53:38]} {[%emt 00:00:20]} 6. exd4 {[%clk 00:54:56]} {[%emt
00:00:15]} Bb7 {[%clk 00:53:11]} {[%emt 00:00:36]} 7. Nf3 {[%clk 00:54:53]}
{[%emt 00:00:14]} Bxf3 {[%clk 00:52:44]} {[%emt 00:00:20]} 8. Qxf3 {[%clk
00:54:55]} {[%emt 00:00:15]} Nf6 {[%emt 00:00:25]} 9. Qxa8 {[%emt 00:00:18]}
Qxd4 {[%clk 00:51:23]} {[%emt 00:00:43]} 10. Qxb8+ {[%clk 00:54:36]} {[%emt
00:00:24]} Kd7 {[%clk 00:50:39]} {[%emt 00:00:35]} 11. Bb5+ {[%clk 00:54:28]}
{[%emt 00:00:25]} Kd6 {[%clk 00:50:09]} {[%emt 00:00:40]} 12. Bc4+ {[%emt
00:00:55]} Kd7 {[%emt 00:00:04]} 13. Bb5+ {[%clk 00:00:00]} Ke6 {[%clk
00:00:00]} 14. Qc8+ {[%clk 00:56:15]} {[%emt 00:02:19]} Qd7 {[%emt 00:02:46]}
15. Bxd7+ {[%emt 00:00:11]} Ke5 {[%clk 00:48:28]} {[%emt 00:00:22]} 16. f4+
{[%clk 00:58:01]} {[%emt 00:00:20]} Kd4 {[%clk 00:47:55]} {[%emt 00:00:35]} 17.
O-O {[%clk 00:57:38]} {[%emt 00:00:31]} Ne4 {[%clk 00:46:52]} {[%emt 00:01:04]}
18. Rd1+ {[%clk 00:57:21]} {[%emt 00:00:26]} Nd2 {[%clk 00:45:37]} {[%emt
00:01:18]} 19. Rxd2+ {[%clk 00:57:07]} {[%emt 00:00:15]} Ke3 {[%clk 00:45:04]}
{[%emt 00:00:49]} 20. Re2+ {[%clk 00:57:00]} {[%emt 00:00:14]} Kd3 {[%clk
00:44:04]} {[%emt 00:00:34]} 21. Bf5+ {[%clk 00:57:01]} {[%emt 00:00:37]} Kd4
{[%emt 00:01:12]} 22. Be3# {[%clk 00:57:01]} {[%emt 00:00:26]} 1-0